000 00442nam a2200133 4500
001 3903
005 20181127172201.0
090 0 0 _a373.05 T197y 2010
245 0 0 _aSherig century magazine:
_bThe light of learning for 100 years.
_c
_h
260 0 0 _a[Wamrong, Trashigang, Bhutan]:
_b[Jigme Sherubling Higher Secondary School],
_c2012.
300 0 0 _a105 p. ; col. ill.
650 0 0 _aEducation --Bhutan.
_x
650 0 0 _aStudents --Bhutan --Periodicals.
_x
999 _c3183
_d3183